书目信息 |
| 题名: |
菊科橐吾属植物化学成分研究实例
|
|
| 作者: | 高雪 著 | |
| 分册: | ||
| 出版信息: | 成都 西南财经大学出版社 2017 |
|
| 页数: | 264页 | |
| 开本: | 21cm | |
| 丛书名: | ||
| 单 册: | ||
| 中图分类: | Q949.783.5 | |
| 科图分类: | ||
| 主题词: | 菊科--ju ke--植物生物化学--化学成分--研究 | |
| 电子资源: | ||
| ISBN: | 978-7-5504-3054-9 | |
| 000 | 01189nam0 2200265 450 | |
| 001 | 012001002610 | |
| 005 | 20140101174521.0 | |
| 010 | @a978-7-5504-3054-9@dCNY58.00 | |
| 099 | @aCAL 012018011767 | |
| 100 | @a20180122d2017 em y0chiy50 ea | |
| 101 | 0 | @achi |
| 102 | @aCN@b510000 | |
| 105 | @aa z 000yy | |
| 106 | @ar | |
| 200 | 1 | @a菊科橐吾属植物化学成分研究实例@Aju ke tuo wu shu zhi wu hua xue cheng fen yan jiu shi li@f高雪著 |
| 210 | @a成都@c西南财经大学出版社@d2017 | |
| 215 | @a264页@c图@d21cm | |
| 300 | @a环境与资泊化学技术国家级实验教学示范中心、环境与资源化学重庆市特色学科专业群建设项目资助 | |
| 314 | @a高雪, 副研究员, 硕士生导师。 | |
| 330 | @a本书介绍几个典型的研究橐吾属植物化学成分的例子, 为天然产物化学与天然药物化学的研究提供借鉴与参考, 也为橐吾属植物资源的开发利用提供科学依据。橐吾属植物属于菊科多年生草本, 在我国广泛分布。橐吾属植物属于菊科管状花亚科千里光族, 全球共有150多种, 主要生长在欧洲和东南亚地区, 有清热解毒、抗菌消炎、活血化淤、化痰止咳等功效。 | |
| 606 | 0 | @a菊科@Aju ke@x植物生物化学@x化学成分@x研究 |
| 690 | @aQ949.783.5@v5 | |
| 701 | 0 | @a高雪@Agao xue@4著 |
| 801 | 0 | @aCN@b北京卓展@c20191020 |
| 905 | @b1204058-61@dQ949.783.5@e411@f4 | |
| 菊科橐吾属植物化学成分研究实例/高雪著.-成都:西南财经大学出版社,2017 |
| 264页:图;21cm |
| 环境与资泊化学技术国家级实验教学示范中心、环境与资源化学重庆市特色学科专业群建设项目资助 |
| ISBN 978-7-5504-3054-9:CNY58.00 |
| 本书介绍几个典型的研究橐吾属植物化学成分的例子, 为天然产物化学与天然药物化学的研究提供借鉴与参考, 也为橐吾属植物资源的开发利用提供科学依据。橐吾属植物属于菊科多年生草本, 在我国广泛分布。橐吾属植物属于菊科管状花亚科千里光族, 全球共有150多种, 主要生长在欧洲和东南亚地区, 有清热解毒、抗菌消炎、活血化淤、化痰止咳等功效。 |
| ● |
| 相关链接 |
|
|
|
|
正题名:菊科橐吾属植物化学成分研究实例
索取号:Q949.783.5/411
 
预约/预借
| 序号 | 登录号 | 条形码 | 馆藏地/架位号 | 状态 | 备注 |
| 1 | 1204058 | 212040584 | 第二样本阅览室/ [索取号:Q949.783.5/411] | 在馆 | |
| 2 | 1204059 | 212040593 | 第三借阅区/ [索取号:Q949.783.5/411] | 在馆 | |
| 3 | 1204060 | 212040600 | 第三借阅区/ [索取号:Q949.783.5/411] | 在馆 | |
| 4 | 1204061 | 212040619 | 第三借阅区/ [索取号:Q949.783.5/411] | 在馆 |